Diagnóstico en Cardiología / (Record no. 39988)

MARC details
000 -LEADER
campo de control de longitud fija 00606nam a2200193 i 4500
001 - NÚMERO DE CONTROL
campo de control 39988
003 - IDENTIFICADOR DE NÚMERO DE CONTROL
campo de control ES-MaACL
005 - FECHA Y HORA DE LA ÚLTIMA TRANSACCIÓN
campo de control 20230906160121.0
007 - CAMPO FIJO DE DESCRIPCIÓN FÍSICA--INFORMACIÓN GENERAL
campo de control de longitud fija t|
008 - DATOS DE LONGITUD FIJA--INFORMACIÓN GENERAL
campo de control de longitud fija 030304s1971 sp ||||1| spa d
100 1# - ENTRADA PRINCIPAL--NOMBRE DE PERSONA
Nombre de persona Carson, Peter.
9 (RLIN) 35858
245 10 - MENCIÓN DEL TÍTULO
Título Diagnóstico en Cardiología /
Mención de responsabilidad, etc. por Peter Carson ; versión D. Obrador Mayor y J.M. Domínguez de Rozas.
250 ## - MENCION DE EDICION
Mención de edición [1ª ed.].
260 ## - PUBLICACIÓN, DISTRIBUCIÓN, ETC.
Lugar de publicación, distribución, etc. Barcelona :
Nombre del editor, distribuidor, etc. Toray,
Fecha de publicación, distribución, etc. [1971]
300 ## - DESCRIPCIÓN FÍSICA
Extensión XVI, 623 p. :
Otras características físicas il. ;
Dimensiones 24 cm.
700 1# - ENTRADA AGREGADA--NOMBRE PERSONAL
Nombre de persona Obrador Mayor, D.
9 (RLIN) 86418
700 1# - ENTRADA AGREGADA--NOMBRE PERSONAL
Nombre de persona Domínguez de Rozas, J. M.
9 (RLIN) 45203
852 ## - LOCALIZACIÓN
Ubicación ES-MaACL
Número de control de estantería C-37898
Sublocalización o colección R.78501
Holdings
Estatus retirado Estado de pérdida Estado de daño No para préstamo Biblioteca de origen Biblioteca actual Ubicación en estantería Fecha de adquisición Fuente de adquisición Total de préstamos Signatura topográfica completa Código de barras Visto por última vez Precio de reemplazo Tipo de ítem Koha
        Biblioteca del Ateneo de Madrid Biblioteca del Ateneo de Madrid Depósito 2 17/01/2008     C-37898 1042105 23/02/2023 23/02/2023 Libro impreso